Sapo tiene miedo / (Registro nro. 4001)

Detalles MARC
000 -LEADER
fixed length control field 01304nam a2200301Ia 4500
003 - CONTROL NUMBER IDENTIFIER
control field OSt
005 - DATE AND TIME OF LATEST TRANSACTION
control field 20200616134916.0
008 - FIXED-LENGTH DATA ELEMENTS--GENERAL INFORMATION
fixed length control field 191128s2011 ck a ar 000 j spa d
020 ## - INTERNATIONAL STANDARD BOOK NUMBER
International Standard Book Number 9789588445205
040 ## - CATALOGING SOURCE
Original cataloging agency CO-JMCR
Transcribing agency CO-JMCR
041 1# - LANGUAGE CODE
Language code of text/sound track or separate title spa
Language code of original eng
082 04 - DEWEY DECIMAL CLASSIFICATION NUMBER
Classification number C /
Item number VELs
100 1# - MAIN ENTRY--PERSONAL NAME
Personal name Velthuijs, Max,
Relator term autor
9 (RLIN) 1444
245 10 - TITLE STATEMENT
Title Sapo tiene miedo /
Statement of responsibility, etc. Max Velthuijs ; traducción Carmen Diana Dearden
250 ## - EDITION STATEMENT
Edition statement Quinta edición
260 ## - PUBLICATION, DISTRIBUTION, ETC.
Place of publication, distribution, etc. [Bogotá] :
Name of publisher, distributor, etc. Ediciones Ekaré,
Date of publication, distribution, etc. 2011
300 ## - PHYSICAL DESCRIPTION
Extent [28] páginas sin numerar :
Other physical details principalmente ilustraciones a color ;
Dimensions 23 cm.
500 ## - GENERAL NOTE
General note Incluye datos biográficos del autor.
500 ## - GENERAL NOTE
General note Título original: Frog is frightened
520 ## - SUMMARY, ETC.
Summary, etc. Todo el mundo sabe que los fantasmas y los monstruos no existen. Pero una noche oscura, Sapo, Pata y Cochinito escuchan ruidos extraños por todas partes y piensan que el bosque está embrujado. Sapo y sus amigos descubren cómo juntos pueden superar sus miedos.
521 ## - TARGET AUDIENCE NOTE
Target audience note Recomendado de 4 a 6 años
Source Tapa posterior
546 ## - LANGUAGE NOTE
Language note Traducido del inglés
650 14 - SUBJECT ADDED ENTRY--TOPICAL TERM
Topical term or geographic name entry element Cuentos infantiles holandeses
Chronological subdivision Siglo XX
9 (RLIN) 1445
650 14 - SUBJECT ADDED ENTRY--TOPICAL TERM
Topical term or geographic name entry element Miedo
General subdivision Cuentos infantiles
9 (RLIN) 1446
650 14 - SUBJECT ADDED ENTRY--TOPICAL TERM
Topical term or geographic name entry element Animales en la literatura
9 (RLIN) 633
700 1# - ADDED ENTRY--PERSONAL NAME
Personal name Dearden, Carmen Diana,
Relator term traductora
9 (RLIN) 1447
942 ## - ADDED ENTRY ELEMENTS (KOHA)
Source of classification or shelving scheme Dewey Decimal Classification
Koha item type Books
Existencias
Withdrawn status Lost status Source of classification or shelving scheme Damaged status Not for loan Collection code Home library Current library Date acquired Source of acquisition Cost, normal purchase price Total Checkouts Full call number Barcode Date last seen Date last checked out Copy number Price effective from Koha item type
    Dewey Decimal Classification     Fiction Biblioteca Pública José María del Castillo y Rada Biblioteca Pública José María del Castillo y Rada 08/06/2018 Donación 0.00 20 C / VELs 201808793 12/05/2025 12/05/2025 Ej.1 11/28/2019 Books